000 00267cas a22001097 4500
040 _cCtY
082 _a633 S.N 1992 A040 Or.
245 0 0 _aA seringueira :
_bboletim do syndicato agricola club da seringueira.
260 _a[S.l. :
_bs.n.]
300 _av.
942 _cEK
999 _c12254
_d12254